| 000 | 00867nam a2200265Ia 4500 | ||
|---|---|---|---|
| 003 | OSt | ||
| 005 | 20220208161646.0 | ||
| 008 | 210716s2000 xx 000 0 und d | ||
| 020 | _a0324006365 | ||
| 040 | _cAIMIT LIBRARY | ||
| 041 | _aeng | ||
| 082 |
_a657.48 _22 _bMURD |
||
| 100 |
_aMurray, Dennis. _918122 |
||
| 245 |
_aUsing financial accounting: _bintroduction / _cBy Denis Murray, Bruce R. Neumann and Piester Elgers. |
||
| 250 | _a2nd ed. | ||
| 260 |
_aAustralia : _bSouth western college publishing , _c2000. |
||
| 300 |
_axx,736p. ; _c26.cm. |
||
| 650 |
_aFinancial Accounting. _918123 |
||
| 650 |
_aFinancial Accounting and Environment. _918124 |
||
| 650 |
_aStatement Cash Flows. _918125 |
||
| 650 |
_aShareholders Equity. _918126 |
||
| 700 |
_aNeumann, Bruce R. _918127 |
||
| 700 |
_aElgers, Pieter. _918128 |
||
| 942 |
_2ddc _cBK _e2nd _k657.48 MURD |
||
| 999 |
_c198837 _d198837 |
||